Hướng dẫn ôn thi tuyển sinh sau đại học môn tiếng Anh Lê Kim Dung (Chủ biên) ... [et al.]
Sách cung cấp kiến thức tiếng Anh cơ bản, giới thiệu các bài tập rèn luyện kĩ năng cần thiết cho học viên ôn thi cao học.
Gespeichert in:
| 1. Verfasser: | |
|---|---|
| Format: | Buch |
| Sprache: | Undetermined |
| Veröffentlicht: |
Hà Nội
Nxb. Đại học Sư phạm
2015
|
| Schlagworte: | |
| Tags: |
Tag hinzufügen
Keine Tags, Fügen Sie den ersten Tag hinzu!
|
| Thư viện lưu trữ: | Trung tâm Học liệu Trường Đại học Cần Thơ |
|---|
| LEADER | 00887nam a2200217Ia 4500 | ||
|---|---|---|---|
| 001 | CTU_202396 | ||
| 008 | 210402s9999 xx 000 0 und d | ||
| 020 | |c 45000 | ||
| 082 | |a 428.0076 | ||
| 082 | |b D513 | ||
| 100 | |a Lê, Kim Dung | ||
| 245 | 0 | |a Hướng dẫn ôn thi tuyển sinh sau đại học môn tiếng Anh | |
| 245 | 0 | |b Lê Kim Dung (Chủ biên) ... [et al.] | |
| 260 | |a Hà Nội | ||
| 260 | |b Nxb. Đại học Sư phạm | ||
| 260 | |c 2015 | ||
| 520 | |a Sách cung cấp kiến thức tiếng Anh cơ bản, giới thiệu các bài tập rèn luyện kĩ năng cần thiết cho học viên ôn thi cao học. | ||
| 650 | |a English language,Tiếng Anh | ||
| 650 | |x Study guides,Tài liệu hướng dẫn học tập | ||
| 904 | |i Nguyên | ||
| 980 | |a Trung tâm Học liệu Trường Đại học Cần Thơ | ||